00552 2200205 4500001002100000005001700021008004100038035002400079082000800103090001300111245005800124260006500182300002000247500002400267650001600291850000900307985000600316986000900322999001500331YOGYA-0209000007226920090227093618.0 ind  0010-020900000072269 a307 a307bPem aPEMBANGUNAN berkelanjutan dikaitkan dengan lingkungan aJakartabDirektoral Jenderal Perdagangan Internasionalc1996 aiv,131hlmc21cm aBibliografi:hlm 131 aPembangunan aBPAD a1 aheru a08A0036300